MDQL
is popping MORE tags! Check the
thread
!
Quizzes
Events
Quiz Creation
Community
Videos
Private Events
Remove Ads
Sign In
Join for FREE
Feedback
Dark Mode
Quiz Categories
Sports
Geography
Music
Movies
Television
Just For Fun
Miscellaneous
History
Literature
Language
Science
Gaming
Entertainment
Religion
Holiday
For Kids
Quiz Lab
Recent
Popular Today
Quiz Kudos Today
Editor Picks
Curator Picks
Quizzes by...
Day
Popularity
Type
Ratings
Length
Year
Community
Subscriptions
Recent Discussions
Orange Saloon
Badges
Playlists
Quests
Create
Leaderboards
Showdown
Live 5
Trivia Bingo
Activity
Puzzle Library
Sporcle Events
Private Events
Virtual Trivia
Globe League
Become a Host
Pub Owners
SporcleCon
Opinionation
Our Games
Videos
Blog
Mobile Apps
Partnerships
Remove Ads and Go Orange
Feedback
Just For Fun
Clickable
Get the Picture
Humor
Quick Pick
Word Ladder
Missing Word
Mixed Word
Blitz
Minefield
This or That
Alphabet
Color
Typing
Sporcle
Puzzle
Word Play
Follow That Line
Logic
Just For Fun
Clickable
Get the Picture
Humor
Quick Pick
Word Ladder
Missing Word
Mixed Word
Blitz
Minefield
This or That
Alphabet
Color
Typing
Sporcle
Puzzle
Word Play
Follow That Line
Logic
Random Quiz
Search Sporcle
×
Quiz Lab
Quiz Lab
Just For Fun
Type in answers that appear in a list
Type in answers that appear in a list
Classic
Best Score? Go Orange.
Starts with 'Met' Stats
Can you name the words that start with 'Met'??
By
Benquizzer
5m
16 Questions
153 Plays
153 Plays
153 Plays
Comments
Comments
Give Quiz Kudos
Give Quiz Kudos
-
- Ratings
hide this ad
Replay
Link that replays current quiz
Next Quiz
Link to next quiz in quiz playlist
You Got
0%
They Got
Avg Score
65%
Avg Friend Score
Upgrade to see
Score Distribution
Jump to the score distribution portion of the page
Score
0/16
Timer
05:00
0
Plays Today
Hint
'Met' Word
% Correct
'We _
_
_
a long time ago at work.'
Obviously!
100%
MLB team for NY
Mets
95.4%
The stuff frying pans, trumpets, and suits of armor are made out of
Metal
93.5%
This gets slower as you get older; how efficiently your body uses energy
Metabolism
89.5%
A highly addictive drug that is extremely detrimental to the human body
Methamphetamine
86.9%
It is said that the dinosaurs may have ended when this hit
Meteor
81.7%
mm, cm, km, L, ml, etc.
Metric
75.8%
Great rock band. A couple of albums are, Kill 'em All and Master of Puppets
Metallica
75.2%
Hint
'Met' Word
% Correct
A life insurance company with snoopy as the mascot
MetLife
75.2%
A caterpillar's change to a butterfly is an example of this
Metamorphosis
73.9%
To do something thoroughly and carefully
Meticulous
70.6%
........and your toes
Metatarsals
48.4%
The fancy name for some bones in your fingers.......
Metacarpals
43.1%
Classic video game involving a female character who slays hideous aliens
Metroid
26.1%
Name them both!
Metagross
5.2%
*Bonus* a couple of steel type pokemon
Metang
3.3%
Quiz Playlist
Details
Report
Send in Message
Add To Playlist
Classic:
Type in answers that appear in a list
Last Updated: Feb 16, 2017
Quiz Scoreboard
CHALLENGE
Sign Up to Join the Scoreboard
Show All
Scores
Hide
Comments
May contain spoilers
Recently Published
Holiday 10x10 Sorting Gallery
by lukepisani3
Holiday
15m
Two Season TV Shows II
by 123Four
Television
10m
Image Sorting: Flags VI
by Barbecue
Geography
2m
More to Explore
Quiz From the Vault
Featured Blog Post
14 Easter Pick-up Lines to Find Eggs With
hide this ad
You Might Also Like...
Tags
This quiz does not have any tags.
Today's Top Quizzes in Just For Fun
Browse Just For Fun
hide this ad
Top Contributed Quizzes in Just For Fun
1
Name Just One - 10 to 1: Just For Fun
2
Missing Word: 2-Letter A-Z II
3
Eurovision 2024 Countries Logic Puzzle
4
Missing Letter Whitney Houston Songs
5
Avatar the Last Airbender: Logic Puzzle
6
Missing Word: 'Of' Things A-Z
7
Survivor Winners Logic Puzzle
8
It's Magic / Witchcraft 🎩🪄🧙♀️
9
Killer Double Trees 224 - Colour Match-Up
10
Missing Word: 'Of' Things A-Z II
Explore More
Trending Topics
Harry Potter
Crossword
Marvel
NBA
Disney
Kpop
Anime
Song
Pokémon
Country
The Office
WWE
Puzzle
Soccer
NFL
hide this ad
More By:
Benquizzer
Quiz
Plays
Rating
Category
Featured
Created
Rock Band Names with Creative Name Hints
1,270
2.18
Music
Dec 16, 2009
Golf Equipment Brand Names
851
3.00
Sports
Mar 29, 2010
Famous Joes
302
4.00
Just For Fun
Dec 5, 2009
Starts with 'Met'
153
2.50
Just For Fun
Jul 22, 2010
name current vikings players
73
Sports
Nov 30, 2009
Go to Creator's Profile
Score Distribution
Quiz Creator Spotlight
Benquizzer
Follow
Send a Message
Quizzes Created
-
Created Quiz Play Count
-
More By This Creator
Popular Quizzes Today
1
Find the US States - No Outlines Minefield
2
Colored Red Africa Blitz
3
Find the 'City' Movie
4
The Countries of the World
5
5x2 Blitz: Bands
6
Find the US States
7
Find the Countries of Europe - No Outlines Minefield
8
US States
More Just For Fun Quizzes
Missing Word: Italy by the Letter
Published
Trending Quizzes
Colored Red Europe Blitz I
Colored Red Europe Blitz II
Colored Red Africa Blitz II
Colored Red Europe Blitz III
Colored Red Africa Blitz III
Recently Updated
Odd Team Out - Big 4 Players
pecheneg
Quick Pick: 20 Twenties
pecheneg
March Madness Men's Triple Doubles
pecheneg
How Do You Spell That?
pecheneg
Godzilla Movies
pecheneg
Grab Bag: 4-10 Letters
pecheneg
2024 March Madness Bracket
pecheneg
Famous TV Couples
Peacemaker
Champions League XIs: Real Madrid
pecheneg
Largest US Cities 1790-2010
pecheneg
Trending Topics
Harry Potter
Kpop
NBA
Anime
Crossword
Disney
Marvel
Country
WWE
The Office
NFL
Puzzle
Pokémon
Soccer
Song
Your Account Isn't Verified!
In order to create a playlist on Sporcle, you need to verify the email address you used during registration. Go to your
Sporcle Settings
to finish the process.
Report this User
Report this user for behavior that violates our
Community Guidelines
.
Details:
Send Report
Go to the Sporcle.com Mobile Site →
Comments